Taylor Swift - Paroles Macavity - Statistiques

Statistiques générales
  • Ce quiz a été pris 6 fois
  • Le résultat moyen est 288 sur 379
Statistiques - réponses
Hint Réponse % Correct
a
100%
But
100%
cat,
100%
cat
100%
he
100%
He
100%
he's
100%
He's
100%
him
100%
Bombalurina | Demeter I
100%
if
100%
in
100%
is
100%
know
100%
know,
100%
like
100%
Macavity,
100%
Macavity
100%
no
100%
of
100%
one
100%
the
100%
there
100%
There
100%
there's
100%
Bombalurina & Demeter There's
100%
they
100%
when
100%
When
100%
You
100%
you
100%
all
75%
always
75%
an
75%
and
75%
And
75%
are
75%
Bombalurina & Demeter Are
75%
at
75%
awake
75%
can
75%
cats
75%
depravity
75%
ever
75%
every
75%
feline
75%
For
75%
for
75%
half
75%
His
75%
his
75%
may
75%
meet
75%
mention
75%
might
75%
monster
75%
never
75%
not
75%
saw
75%
say
75%
shape,
75%
square
75%
street,
75%
than
75%
that
75%
then
75%
thin
75%
thing,
75%
think
75%
time
75%
to
75%
was
75%
What
75%
who
75%
agents
50%
alibi,
50%
another
50%
any
50%
asleep,
50%
bafflement
50%
been
50%
breaks
50%
broken
50%
brow
50%
by
50%
called
50%
cards
50%
case
50%
cheats
50%
coat
50%
controls
50%
crime,
50%
Crime
50%
crime's
50%
criminal
50%
deceitfulness
50%
deed
50%
deeds
50%
deeply
50%
defy
50%
despair
50%
discovered,
50%
domed
50%
dusty
50%
eyes
50%
fakir
50%
fiend
50%
files
50%
Flying
50%
footprints
50%
found
50%
from
50%
ginger
50%
glass
50%
gravity
50%
greenhouse
50%
Bombalurina Griddlebone
50%
has
50%
head
50%
Hiddenpaw
50%
highly
50%
human
50%
jewel
50%
Just
50%
known
50%
larder's
50%
law
50%
law,
50%
levitation
50%
lined
50%
looted
50%
Bombalurina | Demeter Macavity's
50%
make
50%
master
50%
milk
50%
missing
50%
more
50%
movements
50%
Mungojerrie,
50%
mystery
50%
neglect,
50%
nothing
50%
operations,
50%
Bombalurina | Demeter Or
50%
or
50%
outwardly
50%
past
50%
peke's
50%
place,
50%
powers
50%
reach
50%
repair
50%
respectable,
50%
rifled
50%
Rumpleteazer,
50%
scene
50%
Scotland
50%
see
50%
side
50%
side,
50%
snake
50%
spare
50%
Squad's
50%
stare
50%
stifled
50%
suavity
50%
such
50%
sunken
50%
sways
50%
tall
50%
thought,
50%
took
50%
trellis
50%
two
50%
uncombed
50%
very
50%
wasn't
50%
whiskers
50%
whose
50%
wicked
50%
wide
50%
widely
50%
with
50%
wonder
50%
would
50%
Yard,
50%
Yard's
50%
Napoleon
25%
Aucun quiz correspondant
Distribution des résultats
% des personnes avec chaque résultat
Percentile par nombre de réponses
Votre historique - résultats
Vous n’avez pas pris ce quiz